[Event "DEM U14w 2023"]
[Site "Willingen GER"]
[Date "2023.05.31"]
[Round "5"]
[White "Richter, Johanna"]
[Black "Burlutskaia, Maria"]
[Result "1-0"]
[Termination "normal"]
[Board "3"]
[WhiteElo "1431"]
[BlackElo "1510"]
[WhiteClock "00:15:50"]
[BlackClock "00:16:51"]
[PlyCount "137"]
[WhiteFideId "16278925"]
[BlackFideId "34607137"]
[EventCountry "GER"]
[EventRounds "9"]
[EventType "swiss"]
[EventDate "2023.05.27"]

1. d4 {[%clk 01:30:58]} d5 {[%clk 01:30:56]} {[%emt 00:00:05]} 2. c4 {[%clk
01:31:25]} {[%emt 00:00:03]} e6 {[%clk 01:31:23]} {[%emt 00:00:03]} 3. Nc3
{[%clk 01:31:49]} {[%emt 00:00:05]} Nf6 {[%clk 01:31:49]} {[%emt 00:00:04]} 4.
cxd5 {[%clk 01:32:09]} {[%emt 00:00:11]} exd5 {[%clk 01:32:13]} {[%emt
00:00:05]} 5. Bg5 {[%clk 01:32:34]} {[%emt 00:00:04]} Be7 {[%clk 01:32:40]}
{[%emt 00:00:05]} 6. e3 {[%clk 01:32:59]} {[%emt 00:00:04]} c6 {[%clk
01:32:52]} {[%emt 00:00:19]} 7. Bd3 {[%clk 01:33:22]} {[%emt 00:00:06]} O-O
{[%clk 01:33:06]} {[%emt 00:00:16]} 8. Qc2 {[%clk 01:33:48]} {[%emt 00:00:03]}
h6 {[%clk 01:33:31]} {[%emt 00:00:05]} 9. Bh4 {[%clk 01:34:12]} {[%emt
00:00:06]} Nbd7 {[%clk 01:32:32]} {[%emt 00:01:29]} 10. Nge2 {[%clk 01:34:32]}
{[%emt 00:00:10]} Re8 {[%clk 01:32:13]} {[%emt 00:00:49]} 11. O-O {[%clk
01:34:55]} {[%emt 00:00:07]} Ne4 {[%clk 01:32:17]} {[%emt 00:00:26]} 12. Bxe7
{[%clk 01:35:11]} {[%emt 00:00:14]} Qxe7 {[%clk 01:32:43]} {[%emt 00:00:06]}
13. Bxe4 {[%clk 01:34:54]} {[%emt 00:00:46]} dxe4 {[%clk 01:33:08]} {[%emt
00:00:04]} 14. Rfd1 {[%clk 01:35:17]} {[%emt 00:00:07]} Nf6 {[%clk 01:21:00]}
{[%emt 00:12:39]} 15. d5 {[%clk 01:32:10]} {[%emt 00:03:36]} Nxd5 {[%clk
01:21:07]} {[%emt 00:00:23]} 16. Nxd5 {[%clk 01:32:22]} {[%emt 00:00:18]} cxd5
{[%clk 01:21:32]} {[%emt 00:00:05]} 17. Rxd5 {[%clk 01:32:40]} {[%emt
00:00:09]} b6 {[%clk 01:21:21]} {[%emt 00:00:44]} 18. Nc3 {[%clk 01:30:05]}
{[%emt 00:03:05]} Ba6 {[%clk 01:14:40]} {[%emt 00:07:10]} 19. Qa4 {[%clk
01:25:52]} {[%emt 00:04:30]} Bd3 {[%clk 01:05:48]} {[%emt 00:09:34]} 20. Rd7
{[%clk 01:16:30]} {[%emt 00:09:53]} Qc5 {[%clk 01:04:04]} {[%emt 00:02:14]} 21.
Rxa7 {[%clk 01:05:00]} {[%emt 00:12:00]} b5 {[%clk 01:02:57]} {[%emt 00:01:38]}
22. Rxa8 {[%clk 01:05:04]} {[%emt 00:00:26]} bxa4 {[%clk 01:03:16]} {[%emt
00:00:11]} 23. Rxe8+ {[%clk 01:05:28]} {[%emt 00:00:05]} Kh7 {[%clk 01:03:29]}
{[%emt 00:00:17]} 24. Ra8 {[%clk 01:01:40]} {[%emt 00:04:18]} Qb4 {[%clk
00:58:35]} {[%emt 00:05:24]} 25. Nxa4 {[%clk 00:56:08]} {[%emt 00:06:02]} Bc2
{[%clk 00:54:33]} {[%emt 00:04:32]} 26. b3 {[%clk 00:54:23]} {[%emt 00:02:15]}
Qd2 {[%clk 00:54:50]} {[%emt 00:00:12]} 27. Rc8 {[%clk 00:50:21]} {[%emt
00:04:26]} Bd1 {[%clk 00:50:39]} {[%emt 00:04:47]} 28. h3 {[%clk 00:48:29]}
{[%emt 00:02:21]} g5 {[%clk 00:46:58]} {[%emt 00:04:12]} 29. Rcc1 {[%clk
00:45:47]} {[%emt 00:03:12]} Bh5 {[%clk 00:46:06]} {[%emt 00:01:22]} 30. Nb6
{[%clk 00:44:37]} {[%emt 00:01:41]} g4 {[%clk 00:44:10]} {[%emt 00:02:26]} 31.
Nc4 {[%clk 00:43:40]} {[%emt 00:01:26]} Qd8 {[%clk 00:43:08]} {[%emt 00:01:32]}
32. hxg4 {[%clk 00:43:26]} {[%emt 00:00:45]} Bxg4 {[%clk 00:43:26]} {[%emt
00:00:12]} 33. Ne5 {[%clk 00:34:14]} {[%emt 00:09:40]} Bh5 {[%clk 00:40:57]}
{[%emt 00:03:00]} 34. f4 {[%clk 00:32:35]} {[%emt 00:02:10]} exf3 {[%clk
00:33:56]} {[%emt 00:07:31]} 35. Nxf3 {[%clk 00:32:50]} {[%emt 00:00:15]} Bxf3
{[%clk 00:30:05]} {[%emt 00:04:22]} 36. gxf3 {[%clk 00:33:01]} {[%emt
00:00:19]} Qg5+ {[%clk 00:30:22]} {[%emt 00:00:13]} 37. Kf2 {[%clk 00:31:53]}
{[%emt 00:01:37]} Qh4+ {[%clk 00:30:39]} {[%emt 00:00:14]} 38. Ke2 {[%clk
00:31:04]} {[%emt 00:01:18]} Qh2+ {[%clk 00:30:58]} {[%emt 00:00:11]} 39. Kd3
{[%clk 00:31:12]} {[%emt 00:00:23]} Qd6+ {[%clk 00:30:54]} {[%emt 00:00:33]}
40. Ke4 {[%clk 00:28:49]} {[%emt 00:02:53]} Qg6+ {[%clk 00:24:50]} {[%emt
00:06:33]} 41. Kd4 {[%clk 00:28:07]} {[%emt 00:01:09]} Qf6+ {[%clk 00:23:52]}
{[%emt 00:01:31]} 42. Kd3 {[%clk 00:26:22]} {[%emt 00:02:14]} Qd6+ {[%clk
00:22:16]} {[%emt 00:02:08]} 43. Kc2 {[%clk 00:25:30]} {[%emt 00:01:10]} Qa3
{[%clk 00:18:54]} {[%emt 00:04:05]} 44. f4 {[%clk 00:24:27]} {[%emt 00:01:32]}
Qc5+ {[%clk 00:18:08]} {[%emt 00:01:16]} 45. Kd2 {[%clk 00:24:49]} {[%emt
00:00:08]} Qd5+ {[%clk 00:18:24]} {[%emt 00:00:14]} 46. Kc3 {[%clk 00:23:42]}
{[%emt 00:01:36]} Qc5+ {[%clk 00:18:02]} {[%emt 00:00:53]} 47. Kb2 {[%clk
00:23:48]} {[%emt 00:00:17]} Qxe3 {[%clk 00:18:17]} {[%emt 00:00:22]} 48. a4
{[%clk 00:23:55]} {[%emt 00:00:24]} Qd2+ {[%clk 00:18:05]} {[%emt 00:00:41]}
49. Ka3 {[%clk 00:23:36]} {[%emt 00:00:49]} Qd6+ {[%clk 00:18:29]} {[%emt
00:00:07]} 50. b4 {[%clk 00:23:27]} {[%emt 00:00:40]} Qd3+ {[%clk 00:18:52]}
{[%emt 00:00:06]} 51. Kb2 {[%clk 00:23:37]} {[%emt 00:00:18]} Qd2+ {[%clk
00:19:14]} {[%emt 00:00:08]} 52. Kb3 {[%clk 00:23:51]} {[%emt 00:00:11]} Qd3+
{[%clk 00:19:01]} {[%emt 00:00:49]} 53. Rc3 {[%clk 00:24:07]} {[%emt 00:00:13]}
Qd5+ {[%clk 00:19:12]} {[%emt 00:00:21]} 54. Ka3 {[%clk 00:24:08]} {[%emt
00:00:20]} Qd4 {[%clk 00:17:26]} {[%emt 00:02:24]} 55. Rac1 {[%clk 00:24:19]}
{[%emt 00:00:19]} Qe4 {[%clk 00:16:39]} {[%emt 00:01:17]} 56. a5 {[%clk
00:24:01]} {[%emt 00:00:48]} Qe6 {[%clk 00:16:55]} {[%emt 00:00:13]} 57. b5
{[%clk 00:22:04]} {[%emt 00:02:28]} Qe7+ {[%clk 00:16:33]} {[%emt 00:00:51]}
58. Ka4 {[%clk 00:22:13]} {[%emt 00:00:23]} Qe4+ {[%clk 00:16:11]} {[%emt
00:00:50]} 59. Rc4 {[%clk 00:22:27]} {[%emt 00:00:17]} Qe2 {[%clk 00:16:32]}
{[%emt 00:00:10]} 60. b6 {[%clk 00:20:10]} {[%emt 00:02:47]} Qe8+ {[%clk
00:16:29]} {[%emt 00:00:32]} 61. Rc6 {[%clk 00:18:42]} {[%emt 00:01:58]} Qe4+
{[%clk 00:16:39]} {[%emt 00:00:20]} 62. R1c4 {[%clk 00:18:59]} {[%emt
00:00:13]} Qb1 {[%clk 00:16:44]} {[%emt 00:00:24]} 63. Rb4 {[%clk 00:16:30]}
{[%emt 00:03:01]} Qa2+ {[%clk 00:16:41]} {[%emt 00:00:32]} 64. Kb5 {[%clk
00:16:51]} {[%emt 00:00:11]} Qd5+ {[%clk 00:17:04]} {[%emt 00:00:06]} 65. Rc5
{[%clk 00:17:07]} {[%emt 00:00:14]} Qd3+ {[%clk 00:17:25]} {[%emt 00:00:09]}
66. Rbc4 {[%clk 00:16:04]} {[%emt 00:01:33]} Qd8 {[%clk 00:16:49]} {[%emt
00:01:05]} 67. b7 {[%clk 00:15:24]} {[%emt 00:01:11]} Qd3 {[%clk 00:16:30]}
{[%emt 00:00:44]} 68. b8=Q {[%clk 00:15:25]} {[%emt 00:00:34]} Qb3+ {[%clk
00:16:51]} {[%emt 00:00:09]} 69. Rb4 {[%clk 00:15:50]} {[%emt 00:00:05]} 1-0

[Event "DEM U14w 2023"]
[Site "Willingen GER"]
[Date "2023.05.31"]
[Round "5"]
[White "Trunz, Tamila"]
[Black "Bauer, Laura Sophie"]
[Result "1-0"]
[Termination "normal"]
[Board "4"]
[WhiteElo "1697"]
[BlackElo "1627"]
[WhiteClock "00:32:08"]
[BlackClock "00:31:06"]
[PlyCount "89"]
[WhiteFideId "16267885"]
[BlackFideId "16253647"]
[EventCountry "GER"]
[EventRounds "9"]
[EventType "swiss"]
[EventDate "2023.05.27"]

1. e4 {[%clk 01:30:58]} e5 {[%clk 01:30:51]} {[%emt 00:00:08]} 2. Nf3 {[%clk
01:31:24]} {[%emt 00:00:04]} Nc6 {[%clk 01:31:16]} {[%emt 00:00:06]} 3. Bb5
{[%clk 01:31:50]} {[%emt 00:00:04]} a6 {[%clk 01:31:40]} {[%emt 00:00:06]} 4.
Ba4 {[%clk 01:32:16]} {[%emt 00:00:04]} Nf6 {[%clk 01:32:03]} {[%emt 00:00:06]}
5. d3 {[%clk 01:32:06]} {[%emt 00:00:41]} b5 {[%clk 01:32:07]} {[%emt
00:00:26]} 6. Bb3 {[%clk 01:32:30]} {[%emt 00:00:06]} d6 {[%clk 01:31:58]}
{[%emt 00:00:39]} 7. c3 {[%clk 01:32:53]} {[%emt 00:00:07]} Be7 {[%clk
01:32:14]} {[%emt 00:00:13]} 8. O-O {[%clk 01:23:06]} {[%emt 00:10:18]} O-O
{[%clk 01:32:15]} {[%emt 00:00:28]} 9. Re1 {[%clk 01:20:33]} {[%emt 00:03:03]}
Na5 {[%clk 01:27:07]} {[%emt 00:05:38]} 10. Bc2 {[%clk 01:20:55]} {[%emt
00:00:09]} c5 {[%clk 01:26:37]} {[%emt 00:01:00]} 11. h3 {[%clk 01:17:15]}
{[%emt 00:04:10]} Nc6 {[%clk 01:23:25]} {[%emt 00:03:43]} 12. d4 {[%clk
01:15:13]} {[%emt 00:02:33]} Qc7 {[%clk 01:20:27]} {[%emt 00:03:27]} 13. d5
{[%clk 01:14:48]} {[%emt 00:00:54]} Nb8 {[%clk 01:20:47]} {[%emt 00:00:10]} 14.
Nbd2 {[%clk 01:13:43]} {[%emt 00:01:34]} Re8 {[%clk 01:15:00]} {[%emt
00:06:17]} 15. Nf1 {[%clk 01:13:49]} {[%emt 00:00:24]} Bf8 {[%clk 01:13:29]}
{[%emt 00:02:02]} 16. Bg5 {[%clk 01:11:06]} {[%emt 00:03:13]} Nbd7 {[%clk
01:13:16]} {[%emt 00:00:42]} 17. Qd2 {[%clk 01:07:36]} {[%emt 00:04:00]} h6
{[%clk 01:10:53]} {[%emt 00:02:54]} 18. Be3 {[%clk 01:06:43]} {[%emt 00:01:23]}
Kh7 {[%clk 01:10:19]} {[%emt 00:01:03]} 19. Ng3 {[%clk 01:06:05]} {[%emt
00:01:09]} g6 {[%clk 01:06:41]} {[%emt 00:04:08]} 20. a4 {[%clk 00:58:52]}
{[%emt 00:07:42]} Bb7 {[%clk 01:05:27]} {[%emt 00:01:45]} 21. a5 {[%clk
00:51:42]} {[%emt 00:07:39]} c4 {[%clk 01:00:50]} {[%emt 00:05:07]} 22. b4
{[%clk 00:49:25]} {[%emt 00:02:48]} cxb3 {[%clk 00:59:03]} {[%emt 00:02:17]}
23. Bxb3 {[%clk 00:49:46]} {[%emt 00:00:08]} Rac8 {[%clk 00:58:41]} {[%emt
00:00:53]} 24. Rec1 {[%clk 00:49:01]} {[%emt 00:01:16]} Nc5 {[%clk 00:57:10]}
{[%emt 00:02:00]} 25. Qc2 {[%clk 00:48:29]} {[%emt 00:01:01]} Nxb3 {[%clk
00:44:45]} {[%emt 00:12:57]} 26. Qxb3 {[%clk 00:47:27]} {[%emt 00:01:31]} Nd7
{[%clk 00:43:11]} {[%emt 00:02:03]} 27. Nh2 {[%clk 00:45:09]} {[%emt 00:02:48]}
Nf6 {[%clk 00:42:19]} {[%emt 00:01:22]} 28. Ra3 {[%clk 00:40:20]} {[%emt
00:05:19]} Qc4 {[%clk 00:40:04]} {[%emt 00:02:45]} 29. Qc2 {[%clk 00:40:34]}
{[%emt 00:00:17]} Re7 {[%clk 00:36:24]} {[%emt 00:04:09]} 30. Nf3 {[%clk
00:39:30]} {[%emt 00:01:34]} Qc7 {[%clk 00:32:12]} {[%emt 00:04:42]} 31. Qe2
{[%clk 00:34:24]} {[%emt 00:05:37]} Ree8 {[%clk 00:29:05]} {[%emt 00:03:37]}
32. Bb6 {[%clk 00:31:57]} {[%emt 00:02:57]} Qe7 {[%clk 00:27:17]} {[%emt
00:02:17]} 33. Nd2 {[%clk 00:22:31]} {[%emt 00:09:57]} Nd7 {[%clk 00:21:10]}
{[%emt 00:06:36]} 34. Be3 {[%clk 00:22:24]} {[%emt 00:00:37]} Nc5 {[%clk
00:19:37]} {[%emt 00:02:02]} 35. c4 {[%clk 00:18:38]} {[%emt 00:04:16]} Qd7
{[%clk 00:14:25]} {[%emt 00:05:42]} 36. Rb1 {[%clk 00:16:32]} {[%emt 00:02:37]}
Na4 {[%clk 00:12:24]} {[%emt 00:02:31]} 37. Qd3 {[%clk 00:07:32]} {[%emt
00:09:30]} Qc7 {[%clk 00:07:40]} {[%emt 00:05:13]} 38. cxb5 {[%clk 00:04:30]}
{[%emt 00:03:32]} Qxa5 {[%clk 00:04:41]} {[%emt 00:03:30]} 39. Nc4 {[%clk
00:03:47]} {[%emt 00:01:12]} Rxc4 {[%clk 00:02:43]} {[%emt 00:02:29]} 40. Qxc4
{[%clk 00:03:05]} {[%emt 00:01:12]} axb5 {[%clk 00:01:38]} {[%emt 00:01:35]}
41. Qxb5 {[%clk 00:01:02]} {[%emt 00:02:32]} Qxb5 {[%clk 00:01:04]} {[%emt
00:01:04]} 42. Rxb5 {[%clk 00:01:25]} {[%emt 00:00:06]} Bxd5 {[%clk 00:30:21]}
{[%emt 00:01:13]} 43. exd5 {[%clk 00:31:33]} {[%emt 00:00:22]} Nc5 {[%clk
00:30:42]} {[%emt 00:00:07]} 44. Bxc5 {[%clk 00:31:55]} {[%emt 00:00:09]} dxc5
{[%clk 00:31:06]} {[%emt 00:00:07]} 45. Ne4 {[%clk 00:32:08]} {[%emt 00:00:16]}
1-0

[Event "DEM U14w 2023"]
[Site "Willingen GER"]
[Date "2023.05.31"]
[Round "5"]
[White "Müller, Cosima"]
[Black "Schwarzfischer, Julia"]
[Result "1/2-1/2"]
[Termination "normal"]
[Board "5"]
[WhiteElo "1521"]
[BlackElo "1364"]
[WhiteClock "00:07:03"]
[BlackClock "00:38:37"]
[PlyCount "133"]
[WhiteFideId "34601490"]
[BlackFideId "16268105"]
[EventCountry "GER"]
[EventRounds "9"]
[EventType "swiss"]
[EventDate "2023.05.27"]

1. e4 {[%clk 01:30:57]} {[%emt 00:00:03]} c5 {[%clk 01:30:56]} {[%emt
00:00:05]} 2. Nf3 {[%clk 01:31:23]} {[%emt 00:00:03]} Nc6 {[%clk 01:31:04]}
{[%emt 00:00:23]} 3. d4 {[%clk 01:31:48]} {[%emt 00:00:04]} cxd4 {[%clk
01:31:31]} {[%emt 00:00:03]} 4. Nxd4 {[%clk 01:32:14]} {[%emt 00:00:04]} Nf6
{[%clk 01:31:52]} {[%emt 00:00:10]} 5. Nxc6 {[%clk 01:31:11]} {[%emt 00:01:31]}
bxc6 {[%clk 01:32:16]} {[%emt 00:00:06]} 6. e5 {[%clk 01:31:24]} {[%emt
00:00:18]} Nd5 {[%clk 01:32:39]} {[%emt 00:00:07]} 7. c4 {[%clk 01:30:20]}
{[%emt 00:01:34]} Nb6 {[%clk 01:32:59]} {[%emt 00:00:10]} 8. Nc3 {[%clk
01:29:47]} {[%emt 00:01:02]} e6 {[%clk 01:31:28]} {[%emt 00:02:01]} 9. Be3
{[%clk 01:20:19]} {[%emt 00:10:04]} Qc7 {[%clk 01:30:04]} {[%emt 00:01:48]} 10.
f4 {[%clk 01:19:00]} {[%emt 00:01:50]} Ba6 {[%clk 01:28:03]} {[%emt 00:02:29]}
11. b3 {[%clk 01:11:11]} {[%emt 00:08:20]} Bb4 {[%clk 01:26:18]} {[%emt
00:02:14]} 12. Qc2 {[%clk 01:07:32]} {[%emt 00:04:09]} Nc8 {[%clk 01:23:54]}
{[%emt 00:02:55]} 13. Bd3 {[%clk 00:57:19]} {[%emt 00:10:44]} d6 {[%clk
01:18:39]} {[%emt 00:05:44]} 14. exd6 {[%clk 00:54:06]} {[%emt 00:03:44]} Nxd6
{[%clk 01:15:53]} {[%emt 00:03:15]} 15. O-O {[%clk 00:53:24]} {[%emt 00:01:11]}
Rc8 {[%clk 00:58:29]} {[%emt 00:17:55]} 16. a3 {[%clk 00:44:26]} {[%emt
00:09:28]} Bxc3 {[%clk 00:56:54]} {[%emt 00:02:06]} 17. Qxc3 {[%clk 00:44:46]}
{[%emt 00:00:10]} f6 {[%clk 00:55:46]} {[%emt 00:01:38]} 18. b4 {[%clk
00:41:24]} {[%emt 00:03:53]} Nf7 {[%clk 00:47:34]} {[%emt 00:08:41]} 19. Bc5
{[%clk 00:40:05]} {[%emt 00:01:48]} Nd6 {[%clk 00:46:37]} {[%emt 00:01:28]} 20.
Rae1 {[%clk 00:39:07]} {[%emt 00:01:26]} Kf7 {[%clk 00:46:27]} {[%emt
00:00:42]} 21. Rd1 {[%clk 00:38:15]} {[%emt 00:01:21]} Rcd8 {[%clk 00:41:45]}
{[%emt 00:05:12]} 22. Kh1 {[%clk 00:29:26]} {[%emt 00:09:18]} h5 {[%clk
00:40:59]} {[%emt 00:01:17]} 23. Bxd6 {[%clk 00:24:33]} {[%emt 00:05:24]} Rxd6
{[%clk 00:41:12]} {[%emt 00:00:17]} 24. f5 {[%clk 00:24:17]} {[%emt 00:00:46]}
e5 {[%clk 00:40:38]} {[%emt 00:01:04]} 25. c5 {[%clk 00:20:33]} {[%emt
00:04:14]} Rxd3 {[%clk 00:40:43]} {[%emt 00:00:26]} 26. Rxd3 {[%clk 00:20:38]}
{[%emt 00:00:25]} Bxd3 {[%clk 00:41:11]} {[%emt 00:00:01]} 27. Qxd3 {[%clk
00:20:56]} {[%emt 00:00:12]} Qd8 {[%clk 00:39:37]} {[%emt 00:02:03]} 28. Qb3+
{[%clk 00:20:54]} {[%emt 00:00:32]} Qd5 {[%clk 00:39:31]} {[%emt 00:00:36]} 29.
Qa4 {[%clk 00:20:16]} {[%emt 00:01:06]} Qd7 {[%clk 00:38:14]} {[%emt 00:01:49]}
30. Qc2 {[%clk 00:17:32]} {[%emt 00:03:14]} Rd8 {[%clk 00:37:52]} {[%emt
00:00:53]} 31. Qe2 {[%clk 00:15:53]} {[%emt 00:02:11]} Qd3 {[%clk 00:37:24]}
{[%emt 00:00:54]} 32. Qxh5+ {[%clk 00:15:57]} {[%emt 00:00:27]} Kg8 {[%clk
00:37:45]} {[%emt 00:00:09]} 33. Ra1 {[%clk 00:10:49]} {[%emt 00:05:38]} e4
{[%clk 00:36:48]} {[%emt 00:01:27]} 34. h3 {[%clk 00:08:22]} {[%emt 00:02:57]}
e3 {[%clk 00:36:31]} {[%emt 00:00:47]} 35. Re1 {[%clk 00:08:20]} {[%emt
00:00:30]} Qxa3 {[%clk 00:36:16]} {[%emt 00:00:47]} 36. Qf3 {[%clk 00:08:11]}
{[%emt 00:00:37]} Qxb4 {[%clk 00:36:03]} {[%emt 00:00:46]} 37. Qxe3 {[%clk
00:08:05]} {[%emt 00:00:35]} Qd4 {[%clk 00:35:43]} {[%emt 00:00:48]} 38. Qe6+
{[%clk 00:07:30]} {[%emt 00:01:07]} Kh7 {[%clk 00:35:13]} {[%emt 00:00:59]} 39.
Qxc6 {[%clk 00:07:24]} {[%emt 00:00:36]} Qf2 {[%clk 00:34:10]} {[%emt
00:01:32]} 40. Rc1 {[%clk 00:00:54]} {[%emt 00:07:00]} Qxf5 {[%clk 00:33:38]}
{[%emt 00:01:03]} 41. Qa4 {[%clk 00:00:40]} {[%emt 00:00:44]} Qg5 {[%clk
00:33:23]} {[%emt 00:00:43]} 42. Qc2+ {[%clk 00:00:46]} {[%emt 00:00:27]} Kh6
{[%clk 00:32:40]} {[%emt 00:01:13]} 43. Rg1 {[%clk 00:28:01]} {[%emt 00:03:14]}
a5 {[%clk 01:01:47]} {[%emt 00:01:24]} 44. c6 {[%clk 00:28:02]} {[%emt
00:00:28]} Qe5 {[%clk 01:00:12]} {[%emt 00:02:05]} 45. c7 {[%clk 00:26:21]}
{[%emt 00:02:12]} Rc8 {[%clk 01:00:23]} {[%emt 00:00:19]} 46. Rc1 {[%clk
00:26:31]} {[%emt 00:00:19]} a4 {[%clk 01:00:24]} {[%emt 00:00:30]} 47. Qd2+
{[%clk 00:26:50]} {[%emt 00:00:10]} Qg5 {[%clk 01:00:36]} {[%emt 00:00:18]} 48.
Qb2 {[%clk 00:26:46]} {[%emt 00:00:34]} Qf4 {[%clk 00:59:39]} {[%emt 00:01:27]}
49. Qc3 {[%clk 00:22:59]} {[%emt 00:04:18]} Kh5 {[%clk 00:56:38]} {[%emt
00:03:31]} 50. Qc5+ {[%clk 00:20:46]} {[%emt 00:02:43]} g5 {[%clk 00:54:53]}
{[%emt 00:02:15]} 51. Qc2 {[%clk 00:20:17]} {[%emt 00:00:58]} Kh6 {[%clk
00:54:43]} {[%emt 00:00:41]} 52. Qc5 {[%clk 00:17:53]} {[%emt 00:02:50]} Qe5
{[%clk 00:50:44]} {[%emt 00:04:25]} 53. Qa7 {[%clk 00:14:49]} {[%emt 00:03:40]}
Qb2 {[%clk 00:49:25]} {[%emt 00:01:49]} 54. Rc5 {[%clk 00:13:03]} {[%emt
00:02:17]} Qf2 {[%clk 00:45:40]} {[%emt 00:03:53]} 55. Qb7 {[%clk 00:11:00]}
{[%emt 00:02:51]} g4 {[%clk 00:40:52]} {[%emt 00:05:22]} 56. Rc1 {[%clk
00:09:18]} {[%emt 00:02:11]} gxh3 {[%clk 00:39:04]} {[%emt 00:02:19]} 57. gxh3
{[%clk 00:07:40]} {[%emt 00:02:08]} Qe3 {[%clk 00:38:00]} {[%emt 00:01:34]} 58.
Qxc8 {[%clk 00:05:43]} {[%emt 00:02:28]} Qxc1+ {[%clk 00:37:04]} {[%emt
00:01:25]} 59. Kg2 {[%clk 00:05:20]} {[%emt 00:00:53]} Qg5+ {[%clk 00:37:11]}
{[%emt 00:00:24]} 60. Kf3 {[%clk 00:04:59]} {[%emt 00:00:51]} Qd5+ {[%clk
00:37:20]} {[%emt 00:00:21]} 61. Kg3 {[%clk 00:05:05]} {[%emt 00:00:24]} Qe5+
{[%clk 00:37:27]} {[%emt 00:00:23]} 62. Kf3 {[%clk 00:05:24]} {[%emt 00:00:11]}
Qc3+ {[%clk 00:37:44]} {[%emt 00:00:12]} 63. Kg2 {[%clk 00:05:30]} {[%emt
00:00:25]} Qd2+ {[%clk 00:37:55]} {[%emt 00:00:19]} 64. Kf3 {[%clk 00:05:48]}
{[%emt 00:00:13]} Qd3+ {[%clk 00:38:17]} {[%emt 00:00:08]} 65. Kf2 {[%clk
00:06:12]} {[%emt 00:00:05]} Qd2+ {[%clk 00:38:17]} {[%emt 00:00:29]} 66. Kf3
{[%clk 00:06:38]} {[%emt 00:00:05]} Qd1+ {[%clk 00:38:37]} {[%emt 00:00:10]}
67. Kf2 {[%clk 00:07:03]} {[%emt 00:00:05]} 1/2-1/2

[Event "DEM U14w 2023"]
[Site "Willingen GER"]
[Date "2023.05.31"]
[Round "5"]
[White "Neumeier, Valentina"]
[Black "Neininger, Sarah"]
[Result "1/2-1/2"]
[Termination "normal"]
[Board "6"]
[WhiteElo "1549"]
[BlackElo "1512"]
[WhiteClock "00:26:31"]
[BlackClock "00:30:19"]
[PlyCount "44"]
[WhiteFideId "34608222"]
[BlackFideId "16287410"]
[EventCountry "GER"]
[EventRounds "9"]
[EventType "swiss"]
[EventDate "2023.05.27"]

1. e4 {[%clk 01:30:59]} c6 {[%clk 01:30:55]} {[%emt 00:00:05]} 2. d4 {[%clk
01:31:16]} {[%emt 00:00:12]} d5 {[%clk 01:31:20]} {[%emt 00:00:05]} 3. Nc3
{[%clk 01:31:36]} {[%emt 00:00:09]} dxe4 {[%clk 01:31:45]} {[%emt 00:00:07]} 4.
Nxe4 {[%clk 01:31:58]} {[%emt 00:00:08]} Bf5 {[%clk 01:32:10]} {[%emt
00:00:04]} 5. Ng3 {[%clk 01:32:15]} {[%emt 00:00:13]} Bg6 {[%clk 01:32:34]}
{[%emt 00:00:06]} 6. f4 {[%clk 01:32:36]} {[%emt 00:00:09]} e6 {[%clk
01:32:57]} {[%emt 00:00:06]} 7. Nf3 {[%clk 01:32:45]} {[%emt 00:00:22]} Bd6
{[%clk 01:33:12]} {[%emt 00:00:15]} 8. Bd3 {[%clk 01:32:30]} {[%emt 00:00:45]}
Ne7 {[%clk 01:32:49]} {[%emt 00:00:53]} 9. O-O {[%clk 01:31:50]} {[%emt
00:01:10]} Nd7 {[%clk 01:32:10]} {[%emt 00:01:09]} 10. c3 {[%clk 01:30:06]}
{[%emt 00:02:14]} Qc7 {[%clk 01:31:31]} {[%emt 00:01:08]} 11. Ne5 {[%clk
01:28:52]} {[%emt 00:01:45]} O-O {[%clk 01:23:32]} {[%emt 00:08:28]} 12. Nc4
{[%clk 01:21:24]} {[%emt 00:07:59]} c5 {[%clk 01:11:37]} {[%emt 00:12:24]} 13.
Nxd6 {[%clk 01:14:11]} {[%emt 00:07:44]} Qxd6 {[%clk 01:11:51]} {[%emt
00:00:16]} 14. Bxg6 {[%clk 01:14:02]} {[%emt 00:00:39]} hxg6 {[%clk 01:11:55]}
{[%emt 00:00:26]} 15. Be3 {[%clk 01:07:44]} {[%emt 00:06:48]} cxd4 {[%clk
01:07:08]} {[%emt 00:05:17]} 16. Bxd4 {[%clk 01:04:59]} {[%emt 00:03:16]} Nb6
{[%clk 00:59:57]} {[%emt 00:07:41]} 17. Qf3 {[%clk 00:55:38]} {[%emt 00:09:52]}
Nbd5 {[%clk 00:55:12]} {[%emt 00:05:15]} 18. Ne4 {[%clk 00:49:00]} {[%emt
00:07:07]} Qc6 {[%clk 00:52:14]} {[%emt 00:03:24]} 19. Rad1 {[%clk 00:39:33]}
{[%emt 00:10:01]} Nf5 {[%clk 00:48:05]} {[%emt 00:04:39]} 20. b3 {[%clk
00:35:33]} {[%emt 00:04:31]} Rfd8 {[%clk 00:42:01]} {[%emt 00:06:33]} 21. Bf2
{[%clk 00:29:51]} {[%emt 00:06:12]} Rac8 {[%clk 00:36:58]} {[%emt 00:05:33]}
22. c4 {[%clk 00:26:31]} {[%emt 00:03:51]} Nb4 {[%clk 00:30:19]} {[%emt
00:07:06]} 1/2-1/2